| 000 | 00401nam a2200145Ia 4500 | ||
|---|---|---|---|
| 008 | 230917s9999||||xx |||||||||||||| ||und|| | ||
| 040 |
_e112750 _aMAIN |
||
| 041 | _aEnglish | ||
| 082 | _a005.133 G 193 O | ||
| 100 | _aGarrido, Jose M. | ||
| 245 | 0 | _aObject-oriented programming: from problem solving to Java | |
| 260 |
_aNew Delhi _bFireWall Medid _c2004 |
||
| 300 | _aXXII p. ; 360p. | ||
| 942 | _cBK | ||
| 999 |
_c136201 _d136201 |
||